<?xml version="1.0" encoding="UTF-8"?>
<record
    xmlns:xsi="http://www.w3.org/2001/XMLSchema-instance"
    xsi:schemaLocation="http://www.loc.gov/MARC21/slim http://www.loc.gov/standards/marcxml/schema/MARC21slim.xsd"
    xmlns="http://www.loc.gov/MARC21/slim">

  <leader>00171nam a2200085   4500</leader>
  <controlfield tag="001">1231364</controlfield>
  <controlfield tag="005">20250918104858.0</controlfield>
  <datafield tag="245" ind1=" " ind2=" ">
    <subfield code="a">NEYMAR JR</subfield>
    <subfield code="c">AYDO&#x11E;AN YAVA&#x15E;LI</subfield>
  </datafield>
  <datafield tag="260" ind1=" " ind2=" ">
    <subfield code="b">.</subfield>
  </datafield>
  <datafield tag="999" ind1=" " ind2=" ">
    <subfield code="c">1231364</subfield>
    <subfield code="d">1231364</subfield>
  </datafield>
  <datafield tag="952" ind1=" " ind2=" ">
    <subfield code="0">0</subfield>
    <subfield code="1">0</subfield>
    <subfield code="2">ddc</subfield>
    <subfield code="4">0</subfield>
    <subfield code="7">0</subfield>
    <subfield code="a">1031</subfield>
    <subfield code="b">1031</subfield>
    <subfield code="d">2025-09-18</subfield>
    <subfield code="l">11</subfield>
    <subfield code="o">M-4</subfield>
    <subfield code="p">10317392</subfield>
    <subfield code="r">2026-04-28 08:55:32</subfield>
    <subfield code="s">2026-04-21</subfield>
    <subfield code="w">2025-09-18</subfield>
    <subfield code="y">BK</subfield>
  </datafield>
</record>
